South Eastern Kenya University

Library Online Public Access Catalogue


Entrepreneurship in livestock and agriculture / (Record no. 1002)

MARC details
000 -LEADER
fixed length control field 00396nam a22001217a 4500
020 ## - ISBN
International Standard Book Number 9788123917740
020 ## - ISBN
International Standard Book Number 8123917740
050 00 - LIBRARY OF CONGRESS CALL NUMBER
Classification Number SF84.45
Item Number .I4 2010
245 00 - TITLE
Title Entrepreneurship in livestock and agriculture /
Statement of responsibility, etc edited by M.C. Sharma, Rupasi Tiwari and J.P. Sharma.
260 ## - PUBLICATION, DISTRIBUTION, ETC.(IMPRINT)
Place of publication, distribution, etc New Delhi :
Name of publisher, distributor, etc CBS Publishers,
Date of publication, distribution, etc c2010.
650 #0 - SUBJECT--TOPIC
Topical term following geographic name as entry element Livestock
General subdivision India.
-- Handbooks, manuals, etc.
942 ## - ADDED ENTRY ELEMENTS(KOHA)
Koha item type General circulation
Holdings
Source of classification or shelving scheme Not for loan Location (home branch) Sublocation (holding branch) Date accessioned Cost, normal purchase price Full call number Barcode Cost, replacement price Nonpublic note Koha item type Public note
Library of Congress Classification   Main Campus Library Main Campus Library 14/08/2014 6500.00 SF 84.45 .I4 2010 2019/024299 7000.00 Rono General circulation Rono
Kitui, Kenya.
+254736116989
library@seku.ac.ke